000 00978nam a2200277 a 4500
001 1386
003 BR-CuiBMT
005 20231210043213.0
008 231201s2007 dfb 000 0 por d
020 _a8586611212
040 _aBR-CuiBMT
_cBR-CuiBMT
080 _a329
_22007
090 _a329
_bB823c
110 1 _aBrasil.
_bTribunal Superior Eleitoral.
245 1 0 _aColigação, convenção /
_cTribunal Superior Eleitoral.
260 _aBrasília :
_bTSE, Secretaria de Gestão da Informação,
_c2007.
300 _a93 p. ;
_c21 cm
490 1 _aJurisprudência do TSE. Temas selecionados ;
_vv. 6
500 _a"Atualização até dezembro de 2006".
504 _aInclui bibliografia.
650 _aConvenções políticas
_xJurisprudência
_zBrasil
650 _aColigações partidárias
_xJurisprudência
_zBrasil
650 _aTribunal Superior Eleitoral
_xDireito eleitoral
_zBrasil
830 0 _aJurisprudência do TSE.
_pTemas selecionados
_v5
942 _2udc
_cLV
999 _c1386
_d1386